000 00635cam a2200229 4500500
005 20260329004256.0
041 _afre
042 _adc
100 1 0 _aNathan, Tobie
_eauthor
245 0 0 _aCocktail détox. L’effet placebio
260 _c2019.
500 _a38
690 _aAlimentation
690 _aBoisson
690 _aDétox
690 _aFruits
690 _aJus
690 _aLégumes
690 _aTobie Nathan
786 0 _nPhilosophie magazine | 129 | 5 | 2019-05-01 | p. 14-14 | 1951-1787
856 4 1 _uhttps://shs.cairn.info/magazine-philosophie-magazine-2019-5-page-14?lang=fr&redirect-ssocas=7080
999 _c1832387
_d1832387